Beauty in books /

Bibliographic Details
Main Author: Schad, Robert O. (Robert Oliver), 1900-
Format: Book
Language:English
Published: Pasadena, Calif. : Esto Pub. Co., [1935]
Series:Enjoy your museum ; II D
Subjects:

MARC

Tag First Indicator Second Indicator Subfields
LEADER 00000cam a2200000Ia 4500
001 in00002017529
005 20151031151729.0
008 791128s1935 caua 000 0 eng
010 |a  37022202  
035 |a (OCoLC)ocm05737636 
040 |a DLC  |c CLE  |d OCL  |d TXA  |d UtOrBLW 
049 |a TXAM 
050 0 |a Z116.A2  |b S2 
090 |a Z116.A2  |b S2 1935 
100 1 |a Schad, Robert O.  |q (Robert Oliver),  |d 1900- 
245 1 0 |a Beauty in books /  |c by Robert O. Schad. 
264 1 |a Pasadena, Calif. :  |b Esto Pub. Co.,  |c [1935] 
264 4 |c ©1935 
300 |a 14 unnumbered pages :  |b illustrations ;  |c 15 cm. 
336 |a text  |b txt  |2 rdacontent 
337 |a unmediated  |b n  |2 rdamedia 
338 |a volume  |b nc  |2 rdacarrier 
490 0 |a Enjoy your museum ;  |v II D 
580 |a The Cushing Library copy forms part of the Bibliography and Book Arts Section of the Al Lowman Printing Arts Collection and Research Archive. 
650 0 |a Books. 
773 0 |t Al Lowman Printing Arts Collection and Research Archive. 
948 |a cataloged  |b h  |c 2004/12/10  |d c  |e mjackson  |f 10:35:13 am 
994 |a E0  |b TXA 
999 |a MARS 
999 f f |s 1c53bc57-90bd-3d40-8bad-30a108b74ca9  |i 1335a4b5-7a77-35f6-8928-7e344409ec0d  |t 0 
952 f f |p noncirc  |a Texas A&M University  |b College Station  |c Cushing Memorial Library & Archives  |d Cushing: Lowman (Does not check out)  |t 0  |e Z116.A2 S2 1935  |h Library of Congress classification  |i unmediated -- volume 
998 f f |a Z116.A2 S2 1935  |t 0  |l Cushing: Lowman (Does not check out)